Chansons les plus streamées : Édith Piaf - Statistiques

Statistiques générales
  • Ce quiz a été pris 145 fois
    22 depuis la dernière actualisation
  • Le résultat moyen est 5 sur 10
Statistiques - réponses
Nb de streams Chanson % Correct
37 000 000 Hymne à l'amour
86%
210 500 000 La vie en rose
81%
56 000 000 La vie en rose (avec Andrea Bocelli)
81%
109 500 000 La foule
71%
216 000 000 Non, je ne regrette rien
62%
47 000 000 Milord
52%
45 500 000 Padam padam
38%
24 500 000 Sous le ciel de Paris
19%
11 500 000 Paris
14%
10 000 000 Plus bleu que tes yeux (avec Charles Aznavour)
5%
Aucun quiz correspondant
Distribution des résultats
% des personnes avec chaque résultat
Percentile par nombre de réponses
Votre historique - résultats
Vous n’avez pas pris ce quiz depuis la dernière actualisation